Guide to special issues and indexes of periodicals /

Bibliographic Details
Main Author: Devers, Charlotte M.
Corporate Author: Special Libraries Association. New York Chapter. Advertising and Marketing Group
Other Authors: Katz, Doris B., Regan, Mary Margaret
Format: Book
Language:English
Published: New York : Special Libraries Association, 1976.
Edition:2d ed.
Subjects:

MARC

Tag First Indicator Second Indicator Subfields
LEADER 00000cam a2200000 i 4500
001 in00000357921
005 20160520164627.0
008 750728s1976 nyu b 00110 eng
010 |a  75025621  
020 |a 0871112243 
035 |a (OCoLC)01582686 
035 |9 ABN6480AM 
040 |a DLC  |c DLC  |d OCL  |d VYC  |d TXA  |d UtOrBLW 
043 |a n-us--- 
049 |a TXAM  |c 1 [1184634], 2 [1574179] 
050 0 0 |a Z6951  |b .S755 1976  |a PN4855 
050 0 0 |a HF5001.3  |b .S755 1976 
082 0 |a 016.051 
096 |a Z 6951 D491g 1976 
100 1 |a Devers, Charlotte M. 
245 1 0 |a Guide to special issues and indexes of periodicals /  |c the editors: Charlotte M. Devers, Doris B. Katz, Mary Margaret Regan. 
250 |a 2d ed. 
264 1 |a New York :  |b Special Libraries Association,  |c 1976. 
300 |a xix, 289 pages ;  |c 26 cm. 
336 |a text  |b txt  |2 rdacontent 
337 |a unmediated  |b n  |2 rdamedia 
338 |a volume  |b nc  |2 rdacarrier 
500 |a First edition published in 1962 under the same title was a project of the Advertising and Marketing Group of the New York Chapter of the Special Libraries Association. 
500 |a Includes index. 
650 0 |a American periodicals  |v Bibliography. 
650 2 |a Periodicals  |z U.S.  |x bibliography. 
650 2 |a Periodicals  |z Canada  |x bibliography. 
700 1 |a Katz, Doris B. 
700 1 |a Regan, Mary Margaret. 
710 2 |a Special Libraries Association.  |b New York Chapter.  |b Advertising and Marketing Group.  |t Guide to special issues and indexes of periodicals. 
999 |a MARS 
999 f f |s 46bf7bcf-7f48-3656-9148-a0f6e91ef8b0  |i baffac12-7580-3cf0-bbd9-7c1b3facfa21  |t 0 
952 f f |p ric  |a Texas A&M University  |b Rellis Campus  |c Joint Library Facility  |d Remote Storage  |t 0  |e Z6951 .S755 1976  |h Library of Congress classification  |i unmediated -- volume  |m A14842637762 
998 f f |a Z6951 .S755 1976  |t 0  |l Remote Storage